000
00278nam a22001217a 4500
999
_c
169304
_d
169304
082
_a
_b
100
_a
Farrell Warren
245
_a
Does feminism discriminate agaist men/
_c
by Farrell Warren.
260
_a
_b
Oxford,
_c
2008.
300
_a
258p.
650
_a
942
_c
BK